Zgadnij kraj po klubie piłkarskim - Statystyki

Ogólne statystyki
  • Ten quiz został rozwiązany 231 razy
  • Średni wynik to 5 z 7
Statystyki odpowiedzi
Hint Odpowiedź % Poprawnych
Bayern Monachium Niemcy
100%
Wigry Suwałki Polska
95%
Manchester United Wielka Brytania
91%
Baník Ostrawa Czechy
75%
FC Libourne Francja
50%
Atlantas Kłajpeda Litwa
47%
Rapid Oberlaa Austria
45%
Nie znaleziono quizów pasujących do podanych kryteriów
Rozkład punktacji
Procent ludzi z każdym wynikiem
Percentyl według liczby udzielonych odpowiedzi
Twoja historia wyników
Nie rozwiązałeś tego quizu